Normal view
MARC view
Entry Geographic Name
001 - CONTROL NUMBER
- control field: 26207
003 - CONTROL NUMBER IDENTIFIER
- control field: ARRUPE
005 - DATE AND TIME OF LATEST TRANSACTION
- control field: 20160927095609.0
008 - FIXED-LENGTH DATA ELEMENTS
- fixed length control field: 160927|| aca||aabn | a|a d
040 ## - CATALOGING SOURCE
- Original cataloging agency: ARRUPE
- Transcribing agency: ARRUPE
151 ## - HEADING--GEOGRAPHIC NAME
- Geographic name: Congo (Brazzaville)
- General subdivision: Church History.
670 ## - SOURCE DATA FOUND
- Source citation: Work cat.: (ARRUPE)0: Andersson, Efraim. 26204, Churches at the grass-roots:, 1968.